000 00548nam a22001577a 4500
020 _qHard Cover.
082 _a620.1
100 _aMuhammad Saqlain.
245 _aHeart Failure Identification and classification using unstructured dataset of cardiac patients /
_cMuhammad Saqlain.
260 _aIslamabad:
_bCEME - NUST,
_c2016.
300 _a530 p. :
_bill. ;
_c30cm.
650 _aMechanical Engineering MS-Thesis.
_916090
700 _aDr. Nazar Abbas Saqib
_925413
942 _2ddc
_cTHE
999 _c541015
_d541015